| 000 | 00952cam a22002654a 4500 | ||
|---|---|---|---|
| 001 | 12857551 | ||
| 005 | 20221010130348.0 | ||
| 008 | 020717s2003 maua 000 0 eng | ||
| 010 | _a 2002011338 | ||
| 020 | _a1580628532 | ||
| 040 |
_aDLC _cDLC _dDLC |
||
| 042 | _apcc | ||
| 050 | 0 | 0 |
_aBF1714.C5 _bJ87 2003 |
| 082 | 0 | 0 |
_a133.59251 _bJUS |
| 100 | 1 |
_aJustice, L. A. _999676 |
|
| 245 | 1 | 0 |
_aChinese love signs : _busing the secrets of the ancient Chinese zodiac to find true love / _cL.A. Justice. |
| 260 |
_aAvon, Mass. : _bAdams Media Corp., _cc2005. |
||
| 300 |
_ax, 150 p. : _bill. ; _c18 cm. |
||
| 650 | 0 |
_aAstrology, Chinese. _999677 |
|
| 650 | 0 |
_aLove _vMiscellanea. _999678 |
|
| 856 | 4 | 1 |
_3Table of contents _uhttp://www.loc.gov/catdir/toc/fy037/2002011338.html |
| 906 |
_a7 _bcbc _corignew _d1 _eecip _f20 _gy-gencatlg |
||
| 942 |
_2ddc _cBK |
||
| 999 |
_c591615 _d591615 |
||